000 00425nam a2200169Ia 4500
008 220531s9999 xx 000 0 und d
041 _aeng
082 _bRAM
100 _aRamamurthi, K. S. Ed
_934143
245 _aTwenty Five Indian Poets In English
260 _bMacmillan
_c1995
300 _a205
542 _d13-08-1996
650 _aEnglish
_934144
906 _d1996-1997
_d2015-2016
_f4794
999 _c21078
_d21078